| 000 | 00518 a2200181 4500 | ||
|---|---|---|---|
| 003 | OSt | ||
| 005 | 20180116182729.0 | ||
| 008 | 160817b xxu||||| |||| 00| 0 eng d | ||
| 020 | _a8175540915 | ||
| 040 | _c0 | ||
| 082 | _a658.4092 BAR 1999 | ||
| 100 | _aJim Barrett | ||
| 245 |
_aTotal leadership _b How to Inspirte and Motivate for Persoal and Team Effectiveness _cJim Barrett |
||
| 260 |
_aDelhi _bKogan Page _c1999 |
||
| 300 |
_a284 p. _bPB |
||
| 440 | _aTotal leadership | ||
| 942 |
_aNBS _cBK _k658.4092 BAR _2ddc |
||
| 999 |
_c344987 _d344987 |
||